| 000 | 00000nas 2200000zi 4500 |
| 001 | 9.894830 |
| 003 | CaOODSP |
| 005 | 20250619120239 |
| 006 | m o d f |
| 007 | cr cn |||||||| |
| 008 | 201221c20209999oncmr p os f0###a0eng|d |
| 022 | |a2819-408X |
| 040 | |aCaOODSP|beng|erda|cCaOODSP |
| 043 | |an-cn--- |
| 086 | 1 |aFR3-2E-PDF |
| 222 | 0|aMonthly trade report |
| 245 | 00|aMonthly trade report / |cOffice of the Chief Economist. |
| 264 | 1|a[Ottawa] : |bGlobal Affairs Canada = Affaires mondiales Canada, |c[2020]- |
| 310 | |aMonthly |
| 336 | |atext|btxt|2rdacontent |
| 337 | |acomputer|bc|2rdamedia |
| 338 | |aonline resource|bcr|2rdacarrier |
| 362 | 1 |aBegan with: October 2020. |
| 500 | |aIssued also in French under title: Rapport mensuel sur le commerce mondial. |
| 588 | |aDescription based on: October 2020; title from PDF cover page. |
| 588 | |aLatest issue consulted: September 2024. |
| 650 | 0|aCommerce|zCanada|vStatistics|vPeriodicals. |
| 655 | 7|aStatistics|2lcgft |
| 655 | 7|aPeriodicals|2lcgft |
| 710 | 1 |aCanada. |bGlobal Affairs Canada, |eissuing body. |
| 710 | 1 |aCanada. |bOffice of the Chief Economist, |eissuing body. |
| 775 | 08|tRapport mensuel sur le commerce mondial / |w(CaOODSP)9.894832 |